000 00417nam a2200181Ia 4500
008 210210b2011 xxu||||| |||| 00| 0 eng d
020 _a978393078268
041 _aeng
082 _a530 MULI
100 _aMULLER (Richard A)
245 _aInstant physicist
260 _aNew York
_bWW Norton & Co.
_c2011
300 _a138
650 _aphysicist
650 _aInstant
690 _aPhysics
906 _a068000
999 _c152195
_d152195